Ghibli Movie Images - Sudden Death #2 - Statistics

General Stats
  • This quiz has been taken 239 times
  • The average score is 7 of 10
Answers on the Grid
Answers color-coded by a green-red scale on the quiz's grid according to % correct below.
 
Answer Stats
Answer % Correct
Ponyo
80%
From Up on Poppy Hill
79%
Grave of the Fireflies
75%
The Wind Rises
75%
Kiki's Delivery Service
74%
Whisper of the Heart
70%
The Cat Returns
60%
Tales from Earthsea
57%
The Tale of the Princess Kaguya
56%
My Neighbors the Yamadas
51%
No matching quizzes found
Score Distribution
Percent of People with Each Score
Percentile by Number Answered
Your Score History
You have not taken this quiz